[Event "26th EUR-ch"]
[Site "Katowice POL"]
[Date "2026.04.19"]
[Round "11.59"]
[White "Lopez Martinez, Josep Manuel"]
[Black "Reuker, Jari"]
[Result "0-1"]
[WhiteElo "2510"]
[BlackElo "2413"]
[EventDate "2026.04.07"]
[PlyCount "64"]

1.Nf3 Nf6 2.c4 e6 3.d4 d5 4.e3 Bd6 5.b3 O-O 6.Bb2 b6 7.Nbd2 Bb7 8.Bd3 Nbd7
9.O-O Ne4 10.Qc2 f5 11.cxd5 exd5 12.Ne5 Bxe5 13.dxe5 Ndc5 14.Be2 Ne6 15.
Nxe4 fxe4 16.Bg4 Re8 17.Rfd1 c5 18.f4 exf3 19.Bxf3 Qg5 20.Qe2 Rad8 21.Rd2 
Rf8 22.Kh1 Qg6 23.Rad1 Ng5 24.Bh5 Qh6 25.Qg4 Bc8 26.Qh4 g6 27.e6 Bxe6 28.
Qg3 Qxh5 29.Qe5 d4 30.exd4 Rd5 31.Qe3 Rdf5 32.Kg1 Bd5 0-1

[Event "26th EUR-ch"]
[Site "Katowice POL"]
[Date "2026.04.19"]
[Round "11.60"]
[White "Janik, Igor"]
[Black "Narva, Mai"]
[Result "1/2-1/2"]
[WhiteElo "2504"]
[BlackElo "2411"]
[EventDate "2026.04.07"]
[PlyCount "127"]

1.Nf3 g6 2.e4 c5 3.h4 h5 4.Bc4 Nf6 5.e5 Ng4 6.c3 Qc7 7.Qe2 Nc6 8.d4 cxd4 
9.Bf4 d3 10.Qe4 e6 11.O-O Bg7 12.Na3 a6 13.Rae1 d2 14.Nxd2 Bxe5 15.Bxe5 
Ncxe5 16.f4 Nc6 17.Kh1 Qb6 18.Qb1 Ne7 19.Bd3 Qc7 20.Nc2 Nd5 21.g3 b5 22.
Be4 Bb7 23.Nd4 O-O 24.Kg1 Kg7 25.Qd3 Qb6 26.a3 Rae8 27.c4 e5 28.Bxd5 Bxd5 
29.cxd5 exd4 30.Re4 Rxe4 31.Nxe4 f5 32.Ng5 Re8 33.Rd1 Re3 34.Qxd4+ Qxd4 
35.Rxd4 Rxg3+ 36.Kf1 Rb3 37.Rd2 Ne3+ 38.Kg1 a5 39.Ne6+ dxe6 40.d6 Nc4 41.
d7 Nxd2 42.d8=Q Ne4 43.Qe7+ Kh8 44.Qxe6 a4 45.Kf1 Kg7 46.Qe7+ Kg8 47.Qe8+ 
Kg7 48.Qe5+ Kf7 49.Ke2 Ng3+ 50.Kd2 Nf1+ 51.Kc1 Ne3 52.Qc7+ Kf6 53.Qd8+ Kf7
54.Qd7+ Kf6 55.Qe8 Nc4 56.Qf8+ Ke6 57.Qg7 Rg3 58.Qg8+ Kd6 59.Qb8+ Kc6 60.
Kc2 Nd6 61.Qa8+ Kc5 62.Qa7+ Kd5 63.Qg7 Kc4 64.Qc7+ 1/2-1/2

[Event "26th EUR-ch"]
[Site "Katowice POL"]
[Date "2026.04.19"]
[Round "11.61"]
[White "Psyk, Radoslaw"]
[Black "Turski, Bartlomiej"]
[Result "1/2-1/2"]
[WhiteElo "2501"]
[BlackElo "2404"]
[EventDate "2026.04.07"]
[PlyCount "74"]

1.e4 c6 2.Nf3 d5 3.Nc3 dxe4 4.Nxe4 Nf6 5.Qe2 Na6 6.d3 Nxe4 7.dxe4 e5 8.Bd2
Qc7 9.Qe3 Nc5 10.a4 a5 11.Bc4 Be6 12.Qe2 Bd6 13.Nh4 g6 14.Bh6 Bf8 15.Be3 
Bxc4 16.Qxc4 Ne6 17.Nf3 Bg7 18.c3 O-O 19.Qb3 Nf4 20.O-O Qc8 21.h3 Qe6 22.
Qxe6 Nxe6 23.Rfd1 Rfb8 24.b3 h6 25.Rd7 Kf8 26.Bb6 Ke8 27.Rad1 Nf8 28.R7d3 
Ne6 29.Nd2 Bf8 30.Nc4 Bc5 31.Rd7 Bxb6 32.Nxb6 Rd8 33.R7d2 Rxd2 34.Rxd2 Rd8
35.Rxd8+ Kxd8 36.Nc4 f6 37.Nxa5 Nc5 1/2-1/2

[Event "26th EUR-ch"]
[Site "Katowice POL"]
[Date "2026.04.19"]
[Round "11.62"]
[White "Zanan, Evgeny"]
[Black "Piesik, Piotr"]
[Result "1-0"]
[WhiteElo "2497"]
[BlackElo "2407"]
[EventDate "2026.04.07"]
[PlyCount "77"]

1.e4 c6 2.d4 d5 3.Nd2 dxe4 4.Nxe4 Nd7 5.Nf3 Ngf6 6.Nxf6+ Nxf6 7.c3 Bg4 8.
h3 Bxf3 9.Qxf3 e6 10.Bc4 Be7 11.O-O O-O 12.Re1 Nd5 13.Qg4 Nf6 14.Qg3 Bd6 
15.Qf3 Nd5 16.g3 Qc7 17.Kg2 Rfd8 18.h4 Be7 19.Bb3 b5 20.Bc2 c5 21.dxc5 
Qxc5 22.Bd2 Rac8 23.Be4 a5 24.Rad1 a4 25.Bg5 Nf6 26.Bb7 Rb8 27.a3 Rxd1 28.
Rxd1 Ng4 29.Qxg4 Rxb7 30.Qf3 Qc8 31.Bxe7 Rxe7 32.Rd6 h6 33.Rb6 Qc4 34.Rc6 
Qb3 35.Rc8+ Kh7 36.Qd3+ g6 37.Rc5 Rb7 38.Qf3 Rd7 39.Qf6 1-0

[Event "26th EUR-ch"]
[Site "Katowice POL"]
[Date "2026.04.19"]
[Round "11.63"]
[White "Stefansson, Hannes Hlifar"]
[Black "Cieslak, Patryk"]
[Result "1/2-1/2"]
[WhiteElo "2414"]
[BlackElo "2495"]
[EventDate "2026.04.07"]
[PlyCount "150"]

1.d4 Nf6 2.c4 e6 3.Nf3 d5 4.Nc3 h6 5.g3 Nc6 6.Bg2 Bd6 7.O-O O-O 8.b3 dxc4 
9.bxc4 e5 10.dxe5 Nxe5 11.Nxe5 Bxe5 12.Qb3 c6 13.Ba3 Re8 14.Rad1 Qa5 15.
Na4 Nd7 16.Bb4 Qc7 17.Qe3 Nf6 18.f4 Ng4 19.Qd3 Bf6 20.e4 Be7 21.Bxe7 Qxe7 
22.Qc3 b5 23.cxb5 cxb5 24.e5 Rb8 25.Nc5 b4 26.Qd4 Bf5 27.Ne4 Bxe4 28.Bxe4 
Red8 29.Bd5 Kf8 30.h3 Rb5 31.hxg4 Rbxd5 32.Qxd5 Rxd5 33.Rxd5 Qe6 34.Rb5 
Qxg4 35.Rb8+ Ke7 36.Rb7+ Ke8 37.Rb8+ Ke7 38.Rb7+ Ke6 39.Kf2 h5 40.Rxb4 h4 
41.gxh4 Qxh4+ 42.Ke2 Qg4+ 43.Rf3 Qg2+ 44.Rf2 Qd5 45.Rb2 Kf5 46.Ke1 Qe4+ 
47.Kd1 a6 48.Rbc2 Qd4+ 49.Kc1 Qa1+ 50.Kd2 Ke4 51.Rc4+ Kd5 52.Rc2 Kd4 53.
Ke2 Ke4 54.Rc4+ Kf5 55.Rc2 Qd4 56.Kf3 Qd5+ 57.Kg3 Qd3+ 58.Kh2 Qe3 59.Rce2 
Qd4 60.Rf3 Qc4 61.Ref2 Qc5 62.Rg2 g6 63.Rff2 Ke6 64.Rf3 Qd5 65.Rgf2 Qe4 
66.Rg3 a5 67.Rgf3 a4 68.Rg3 Qd4 69.Kg2 Qd5+ 70.Kh2 Qe4 71.Kg1 Qd4 72.Kg2 
Qd1 73.Kh2 Qe1 74.Kg2 Qe4+ 75.Kh2 Qe1 1/2-1/2

[Event "26th EUR-ch"]
[Site "Katowice POL"]
[Date "2026.04.19"]
[Round "11.64"]
[White "Fus, Jakub"]
[Black "Lashkin, Jegor"]
[Result "1/2-1/2"]
[WhiteElo "2410"]
[BlackElo "2493"]
[EventDate "2026.04.07"]
[PlyCount "107"]

1.e4 c5 2.Nf3 d6 3.Bb5+ Nd7 4.d4 cxd4 5.Qxd4 a6 6.Bxd7+ Bxd7 7.c4 e5 8.Qd3
b5 9.b3 Rc8 10.Nc3 bxc4 11.bxc4 Qc7 12.Nd2 Nf6 13.O-O Be7 14.Rb1 O-O 15.
Ba3 Rfd8 16.Rb3 Be6 17.Nd5 Nxd5 18.cxd5 Bd7 19.Qxa6 Qc2 20.Rb2 Qc3 21.Nb1 
Qc4 22.Qxc4 Rxc4 23.Re1 f5 24.Nd2 Rd4 25.f3 Kf7 26.Bb4 Rc8 27.a3 g5 28.Nb3
Rd3 29.Nc1 Rd4 30.Ne2 Rd3 31.exf5 Bxf5 32.Ng3 Bd7 33.Rd2 Rxd2 34.Bxd2 Rc5 
35.Ne4 Rxd5 36.Bxg5 Ra5 37.Rc1 Rxa3 38.Rc7 Ke6 39.Bxe7 Kxe7 40.Nf6 Kxf6 
41.Rxd7 Ke6 42.Rxh7 d5 43.Rh6+ Ke7 44.Rg6 Ra1+ 45.Kf2 Ra2+ 46.Kg3 d4 47.
Rb6 Ra3 48.Kg4 Ra2 49.Kf5 Rxg2 50.Kxe5 Rxh2 51.Kxd4 Rh5 52.f4 Ra5 53.Ke4 
Kf7 54.f5 1/2-1/2

[Event "26th EUR-ch"]
[Site "Katowice POL"]
[Date "2026.04.19"]
[Round "11.65"]
[White "Paichadze, Luka"]
[Black "Salimova, Nurgyul"]
[Result "1/2-1/2"]
[WhiteElo "2490"]
[BlackElo "2399"]
[EventDate "2026.04.07"]
[PlyCount "136"]

1.e4 e5 2.Nf3 Nc6 3.d4 exd4 4.Nxd4 Bc5 5.Nb3 Bb6 6.Nc3 d6 7.Qe2 a5 8.Be3 
a4 9.Bxb6 axb3 10.Be3 bxa2 11.Qd2 Nf6 12.Bd3 Nb4 13.O-O O-O 14.e5 Ng4 15.
Bg5 Qd7 16.exd6 Nxd3 17.Qxd3 Qxd6 18.Qxd6 cxd6 19.Nxa2 Bf5 20.Nb4 Ne5 21.
Rad1 f6 22.Be3 Rfd8 23.c3 Kf7 24.Bc1 Ra1 25.f4 Nc6 26.Nd5 Bc2 27.Rde1 Bb3 
28.Ne3 d5 29.Nf5 Bc2 30.Ng3 d4 31.cxd4 Nxd4 32.Be3 Rxe1 33.Rxe1 Nc6 34.Ra1
Rd3 35.Ra3 Rd1+ 36.Kf2 Rb1 37.Ra8 Bb3 38.Nf5 Rxb2+ 39.Ke1 Nb4 40.Rd8 Nc2+ 
41.Kd2 Be6 42.Nh4 Nxe3+ 43.Kxe3 g5 44.f5 Ke7 45.Rh8 Bf7 46.Nf3 h5 47.g3 
Rb3+ 48.Ke4 Rb5 49.Nd4 Re5+ 50.Kd3 Kd6 51.Rd8+ Kc7 52.Rh8 Kd6 53.Rd8+ Ke7 
54.Rc8 Rd5 55.Ke4 Rd7 56.h4 Bd5+ 57.Ke3 Kd6 58.hxg5 Re7+ 59.Kd3 Be4+ 60.
Kc3 fxg5 61.f6 Rd7 62.Nb5+ Kd5 63.Rc7 Rxc7+ 64.Nxc7+ Kd6 65.f7 Ke7 66.Ne6 
Kxf7 67.Nxg5+ Kg6 68.Nxe4 h4 1/2-1/2

[Event "26th EUR-ch"]
[Site "Katowice POL"]
[Date "2026.04.19"]
[Round "11.66"]
[White "Sibashvili, Giorgi"]
[Black "Patrelakis, Evaggelos"]
[Result "0-1"]
[WhiteElo "2405"]
[BlackElo "2490"]
[EventDate "2026.04.07"]
[PlyCount "144"]

1.c4 Nf6 2.g3 e6 3.Bg2 d5 4.Nf3 d4 5.O-O c5 6.e3 Nc6 7.exd4 cxd4 8.d3 h6 
9.Bf4 Bd6 10.Bxd6 Qxd6 11.Nbd2 O-O 12.Rc1 e5 13.a3 a5 14.c5 Qc7 15.Re1 Be6
16.Nh4 a4 17.Ne4 Nxe4 18.Bxe4 Na5 19.Qh5 Nb3 20.Rc2 Nxc5 21.Bf5 Rae8 22.
Rxe5 Qxe5 23.Bh7+ Kxh7 24.Qxe5 Bh3 25.Rxc5 Rxe5 26.Rxe5 Rc8 27.f4 Rc2 28.
Rb5 Kg8 29.Rb4 g5 30.fxg5 hxg5 31.Nf3 Rg2+ 32.Kf1 Rxg3+ 33.Kf2 Rg2+ 34.Ke1
g4 35.Nxd4 Rxh2 36.Nf5 Kh7 37.Rb6 Bg2 38.Kf2 Be4+ 39.Kg3 Rg2+ 40.Kf4 Bxf5 
41.Kxf5 g3 42.Kf4 Rd2 43.Kxg3 Rxd3+ 44.Kg4 Rb3 45.Rf6 Kg7 46.Rf2 Kg6 47.
Rf4 b5 48.Rf2 b4 49.axb4 Rxb4+ 50.Kf3 f5 51.Rc2 Kg5 52.Rg2+ Rg4 53.Rc2 
Rf4+ 54.Ke3 Rb4 55.Rg2+ Rg4 56.Rc2 Rg3+ 57.Kf2 Rb3 58.Kf1 Rb4 59.Kf2 Kf4 
60.Re2 Kg4 61.Rc2 f4 62.Kf1 Kg3 63.Rg2+ Kf3 64.Rf2+ Ke4 65.Kg2 Ke3 66.Rc2 
Rb8 67.Kf1 f3 68.Rc3+ Kf4 69.Rc2 Kg3 70.Kg1 Rd8 71.Rc1 Rd2 72.Rb1 Rg2+ 0-1

[Event "26th EUR-ch"]
[Site "Katowice POL"]
[Date "2026.04.19"]
[Round "11.67"]
[White "Gharibian, Mamikon"]
[Black "Pasti, Aron"]
[Result "1/2-1/2"]
[WhiteElo "2487"]
[BlackElo "2388"]
[EventDate "2026.04.07"]
[PlyCount "246"]

1.d4 d5 2.c4 e6 3.Nf3 Nf6 4.Bg5 h6 5.Bxf6 Qxf6 6.e3 c6 7.Nbd2 g6 8.g3 Bg7 
9.Bg2 O-O 10.O-O Qe7 11.Rc1 b6 12.Qa4 Bb7 13.Ne5 c5 14.cxd5 exd5 15.Ndf3 
Na6 16.Rfd1 Nc7 17.h4 Ne6 18.h5 gxh5 19.Re1 Rfc8 20.Rcd1 Nf8 21.Bh3 Rc7 
22.Nh4 Bxe5 23.Nf5 Qe8 24.Qxe8 Rxe8 25.dxe5 Rxe5 26.Nxh6+ Kg7 27.f4 Re6 
28.Nf5+ Kf6 29.Kf2 b5 30.a3 Bc6 31.b4 Bb7 32.bxc5 Rxc5 33.Nd4 Rb6 34.Rc1 
Rxc1 35.Rxc1 a5 36.Rc5 b4 37.Rxa5 b3 38.Bf5 Ne6 39.Bb1 Nxd4 40.exd4 Ke6 
41.Ke3 Ba6 42.Kd2 Bc4 43.Ra4 Rb8 44.Rb4 Rg8 45.Rb6+ Ke7 46.Rb7+ Kd6 47.
Rxf7 Rxg3 48.Rh7 Rg1 49.Bf5 Rf1 50.Rxh5 b2 51.Rh6+ Kc7 52.Rh7+ Kb6 53.Rh8 
Ka7 54.Rh7+ Kb6 55.Rh8 Ba6 56.Rb8+ Bb7 57.Bc8 Rd1+ 58.Ke2 b1=Q 59.Rxb7+ 
Kc6 60.Rxb1 Rxb1 61.f5 Kd6 62.Be6 Rb2+ 63.Ke3 Rb3+ 64.Ke2 Rxa3 65.Kd2 Ra5 
66.Ke3 Rb5 67.Kf3 Kc6 68.Ke3 Rb8 69.Kd3 Rb3+ 70.Ke2 Kd6 71.Kd2 Rb5 72.Ke3 
Ke7 73.Kd3 Kf6 74.Kc3 Kg5 75.Bd7 Rb1 76.Be6 Rc1+ 77.Kd3 Rc7 78.Ke3 Rc3+ 
79.Kd2 Rc4 80.Ke3 Ra4 81.Kd3 Ra3+ 82.Kc2 Kf4 83.Bxd5 Kxf5 84.Kd2 Kf4 85.
Bc6 Rg3 86.Bb7 Kf5 87.Bd5 Kf6 88.Ke2 Ke7 89.Bf3 Kd6 90.Kf2 Rg7 91.Ke3 Ra7 
92.Be4 Kc7 93.Kd3 Kb6 94.Bd5 Kb5 95.Ke4 Re7+ 96.Kd3 Kb4 97.Be4 Rg7 98.Bd5 
Rh7 99.Be6 Rh6 100.Bd5 Rh8 101.Be6 Rh1 102.Kd2 Ra1 103.Bd5 Ra6 104.Kd3 
Ra3+ 105.Kd2 Ra5 106.Be6 Ra6 107.Bf7 Ra3 108.Bd5 Kb5 109.Kc2 Rg3 110.Kd2 
Kb6 111.Ke2 Ra3 112.Kd2 Kc7 113.Kc2 Kd6 114.Bb3 Ke7 115.Kb2 Ra5 116.Kc3 
Kf6 117.Kb4 Ra8 118.Kc3 Kf5 119.Bd5 Ra5 120.Bc6 Ra6 121.Bb7 Rb6 122.Bd5 
Rd6 123.Bb7 Rh6 1/2-1/2

[Event "26th EUR-ch"]
[Site "Katowice POL"]
[Date "2026.04.19"]
[Round "11.68"]
[White "Licznerski, Lukasz"]
[Black "Mkrtchian, Mariam"]
[Result "1/2-1/2"]
[WhiteElo "2486"]
[BlackElo "2368"]
[EventDate "2026.04.07"]
[PlyCount "52"]

1.e4 e5 2.Nf3 Nc6 3.Bb5 a6 4.Ba4 d6 5.c3 f5 6.exf5 Bxf5 7.O-O Bd3 8.Re1 
Be7 9.Bc2 Bxc2 10.Qxc2 Nf6 11.d4 e4 12.Ng5 d5 13.f3 h6 14.Nh3 O-O 15.Nd2 
exf3 16.Nxf3 Bd6 17.Bf4 Ne4 18.Bxd6 Qxd6 19.Re3 Ne7 20.Rae1 Nf5 21.R3e2 c5
22.dxc5 Qxc5+ 23.Nf2 Rae8 24.b4 Qb6 25.Qd3 Rd8 26.a3 Kh8 1/2-1/2

[Event "26th EUR-ch"]
[Site "Katowice POL"]
[Date "2026.04.19"]
[Round "11.69"]
[White "Bronstein, Or"]
[Black "Suleymanli, Suleyman"]
[Result "1/2-1/2"]
[WhiteElo "2481"]
[BlackElo "2348"]
[EventDate "2026.04.07"]
[PlyCount "47"]

1.e4 e6 2.d4 d5 3.Nc3 Nf6 4.e5 Nfd7 5.f4 c5 6.Nf3 Nc6 7.Ne2 Qb6 8.c3 a5 9.
a3 Be7 10.Ng3 a4 11.h4 Qa5 12.Kf2 Nb6 13.Bd3 Bd7 14.h5 O-O-O 15.f5 h6 16.
Qe2 Kb8 17.Rf1 cxd4 18.cxd4 Nc4 19.Kg1 Qb6 20.Be3 N6a5 21.Rf2 Nb3 22.Rd1 
Rc8 23.Kh1 Bb5 24.Rff1 1/2-1/2

[Event "26th EUR-ch"]
[Site "Katowice POL"]
[Date "2026.04.19"]
[Round "11.70"]
[White "Czernek, Tymon"]
[Black "Olsen, Filip Boe"]
[Result "1/2-1/2"]
[WhiteElo "2401"]
[BlackElo "2474"]
[EventDate "2026.04.07"]
[PlyCount "25"]

1.e4 e5 2.Nf3 Nf6 3.Nxe5 d6 4.Nf3 Nxe4 5.c4 Nc6 6.Nc3 Nxc3 7.dxc3 g6 8.Bg5
Be7 9.Bh6 Bf8 10.Bg5 Be7 11.Bh6 Bf8 12.Bg5 Be7 13.Bh6 1/2-1/2

[Event "26th EUR-ch"]
[Site "Katowice POL"]
[Date "2026.04.19"]
[Round "11.71"]
[White "Akbas, Umut Ata"]
[Black "Dyachuk, Artem"]
[Result "1/2-1/2"]
[WhiteElo "2470"]
[BlackElo "2323"]
[EventDate "2026.04.07"]
[PlyCount "69"]

1.e4 e5 2.Nf3 Nc6 3.d4 exd4 4.Nxd4 Bc5 5.Nb3 Bb6 6.Nc3 Nge7 7.Bf4 d6 8.Qd2
Be6 9.O-O-O a5 10.Bb5 O-O 11.Kb1 Ng6 12.Bg5 f6 13.Be3 Bxe3 14.Qxe3 f5 15.
Nc5 f4 16.Nxe6 fxe3 17.Nxd8 Raxd8 18.f3 Nh4 19.Bf1 g5 20.Re1 Nd4 21.Rxe3 
g4 22.fxg4 Rf2 23.Nd1 Rd2 24.Rd3 Rxd3 25.cxd3 Rf8 26.Kc1 c5 27.a4 Ng6 28.
Kd2 Nh4 29.h3 h6 30.Kc3 Ng6 31.Kd2 Nh4 32.Kc3 Ng6 33.Kc4 Ne5+ 34.Kc3 Ng6 
35.Kc4 1/2-1/2

[Event "26th EUR-ch"]
[Site "Katowice POL"]
[Date "2026.04.19"]
[Round "11.72"]
[White "Aslanov, Umid"]
[Black "Dotzer, Lukas"]
[Result "0-1"]
[WhiteElo "2368"]
[BlackElo "2469"]
[EventDate "2026.04.07"]
[PlyCount "74"]

1.e4 c5 2.Nf3 d6 3.d4 cxd4 4.Nxd4 Nf6 5.Nc3 Nc6 6.Bc4 e6 7.Be3 Bd7 8.Qe2 
a6 9.g4 b5 10.Bb3 b4 11.Na4 Nxd4 12.Bxd4 Bb5 13.Qf3 Bc6 14.Nb6 Rb8 15.Nd5 
exd5 16.exd5 Bb5 17.O-O-O Be7 18.g5 Nd7 19.Bxg7 Rg8 20.Bd4 Bxg5+ 21.Kb1 
Bf6 22.Rhe1+ Kf8 23.Qf4 Ne5 24.Rg1 Rg6 25.h4 a5 26.a4 bxa3 27.h5 Rxg1 28.
Rxg1 a4 29.Ba2 Ba6 30.Qg3 Ke7 31.f4 Nd7 32.Bxf6+ Nxf6 33.Re1+ Kf8 34.Qxa3 
Qb6 35.c3 Ne4 36.Ka1 Nc5 37.h6 Qxb2+ 0-1

[Event "26th EUR-ch"]
[Site "Katowice POL"]
[Date "2026.04.19"]
[Round "11.73"]
[White "Mosesov, Danyil"]
[Black "Sapocinic, Semion"]
[Result "1/2-1/2"]
[WhiteElo "2464"]
[BlackElo "2307"]
[EventDate "2026.04.07"]
[PlyCount "67"]

1.Nf3 d5 2.g3 g6 3.Bg2 Bg7 4.O-O e5 5.d3 Nc6 6.Nc3 Nge7 7.e4 dxe4 8.dxe4 
Bg4 9.Nd5 Nxd5 10.exd5 Nd4 11.c3 Nxf3+ 12.Bxf3 Bxf3 13.Qxf3 O-O 14.c4 Qd7 
15.Bd2 f5 16.Rfe1 Rae8 17.Rad1 h6 18.c5 Kh7 19.c6 bxc6 20.dxc6 Qe6 21.Bb4 
Rf7 22.Qb3 Qxb3 23.axb3 Rf6 24.Rd7 Rxc6 25.Bc3 Kg8 26.f4 Bh8 27.fxe5 Rce6 
28.Rxc7 Bxe5 29.Rxe5 Rxe5 30.Bxe5 Rxe5 31.Rxa7 Re2 32.Ra2 Re3 33.Ra3 Re2 
34.Ra2 1/2-1/2

[Event "26th EUR-ch"]
[Site "Katowice POL"]
[Date "2026.04.19"]
[Round "11.74"]
[White "Culum, Sanjin"]
[Black "Varga, Csaba Zoltan"]
[Result "1-0"]
[WhiteElo "2460"]
[BlackElo "2280"]
[EventDate "2026.04.07"]
[PlyCount "145"]

1.e4 c5 2.Nf3 a6 3.c3 e6 4.d4 d5 5.e5 Bd7 6.Bd3 Qb6 7.O-O cxd4 8.cxd4 Nc6 
9.Bc2 Nb4 10.Bb3 Bb5 11.Re1 Nd3 12.Re3 Nxc1 13.Qxc1 Ne7 14.Nc3 Rc8 15.Re1 
Nc6 16.Qe3 Be7 17.Rac1 O-O 18.Bc2 Na5 19.Nd2 g6 20.Nb3 Nc4 21.Qh6 Qd8 22.
f4 Be8 23.Nd1 f5 24.exf6 Bxf6 25.Nf2 Bg7 26.Qh3 Rxf4 27.Nd3 Rh4 28.Qg3 Bf7
29.Kh1 Bh6 30.Rb1 Ne3 31.Bd1 Qf6 32.Qf3 Qxf3 33.Bxf3 Nc2 34.g3 Nxe1 35.
Rxe1 Rh5 36.Bxh5 gxh5 37.Nbc5 b6 38.Nxa6 Bg6 39.Nab4 Be4+ 40.Kg1 Bd2 41.
Rd1 Be3+ 42.Kf1 h4 43.Ne5 Rc1 44.Rxc1 Bxc1 45.b3 Be3 46.Nbc6 h3 47.Ke2 Bc1
48.Nd3 Ba3 49.Nf2 Bf5 50.g4 Bb1 51.Kd2 Bd6 52.Ne5 h5 53.Nxh3 hxg4 54.Nf2 
Bf5 55.Nfxg4 Bb4+ 56.Ke3 Bb1 57.Nd3 Bc3 58.a4 Bc2 59.Nc1 Kg7 60.Ne5 Bb2 
61.Kd2 Bg6 62.Nxg6 Kxg6 63.Ne2 e5 64.b4 exd4 65.Kc2 d3+ 66.Kxd3 Be5 67.Nc3
Bxh2 68.Nxd5 b5 69.a5 Kf7 70.a6 Bb8 71.Nc7 Ke7 72.Nxb5 Kd7 73.a7 1-0

[Event "26th EUR-ch"]
[Site "Katowice POL"]
[Date "2026.04.19"]
[Round "11.75"]
[White "Druska, Juraj"]
[Black "Boci, Mateu"]
[Result "1-0"]
[WhiteElo "2458"]
[BlackElo "2256"]
[EventDate "2026.04.07"]
[PlyCount "63"]

1.d4 Nf6 2.c4 e6 3.Nc3 Bb4 4.e3 O-O 5.Bd2 c5 6.a3 Bxc3 7.Bxc3 Ne4 8.Ne2 b6
9.f3 Nxc3 10.Nxc3 Bb7 11.dxc5 bxc5 12.Qd6 Qh4+ 13.Qg3 Qh6 14.O-O-O Qxe3+ 
15.Kb1 Nc6 16.Rd3 Qh6 17.Rxd7 Rab8 18.Bd3 Nd4 19.Rd1 Bc6 20.Rxa7 Qf6 21.
Ka2 Rb6 22.Qc7 Rfb8 23.Nb5 Bxb5 24.Qxb6 Qe5 25.Rb7 Ra8 26.cxb5 g6 27.Qc7 
Qd5+ 28.Kb1 e5 29.Rb8+ Rxb8 30.Qxb8+ Kg7 31.Be4 Qb3 32.Qxe5+ 1-0

[Event "26th EUR-ch"]
[Site "Katowice POL"]
[Date "2026.04.19"]
[Round "11.76"]
[White "Ambartsumian, Tyhran"]
[Black "Velten, Paul"]
[Result "1/2-1/2"]
[WhiteElo "2372"]
[BlackElo "2500"]
[EventDate "2026.04.07"]
[PlyCount "100"]

1.e4 e6 2.d4 d5 3.Nc3 Bb4 4.e5 Ne7 5.a3 Bxc3+ 6.bxc3 b6 7.h4 Ba6 8.Bxa6 
Nxa6 9.Ne2 Qd7 10.a4 O-O-O 11.Nf4 Nc6 12.Qe2 Nab8 13.Rh3 f6 14.exf6 gxf6 
15.Nxe6 Rde8 16.Re3 Na5 17.Nf4 Nc4 18.Rxe8+ Rxe8 19.Be3 Nc6 20.Qf3 Re4 21.
g4 N6a5 22.Nh5 Qc6 23.Rd1 Nxe3 24.fxe3 Qxc3+ 25.Kf2 Nc4 26.Re1 Nd6 27.Nxf6
Re6 28.g5 Ne4+ 29.Nxe4 Rxe4 30.Qf5+ Kb8 31.Qxd5 Rxh4 32.Qd8+ Kb7 33.Qd5+ 
c6 34.Qd7+ Ka6 35.Re2 Qc4 36.Qc8+ Ka5 37.Kg3 Rh1 38.Qf5+ Kxa4 39.Qd3 Qe6 
40.Qa6+ Kb4 41.c3+ Kxc3 42.Qa3+ Qb3 43.Qxa7 Rg1+ 44.Kh2 Qd1 45.Qa3+ Kc4 
46.Qa6+ Kc3 47.Qa3+ Kc4 48.Qa6+ Kc3 49.Qa3+ Kc4 50.Qa6+ Kd5 1/2-1/2

[Event "26th EUR-ch"]
[Site "Katowice POL"]
[Date "2026.04.19"]
[Round "11.77"]
[White "Lodici, Lorenzo"]
[Black "Holtel, Jasper"]
[Result "1-0"]
[WhiteElo "2601"]
[BlackElo "2370"]
[EventDate "2026.04.07"]
[PlyCount "119"]

1.e4 c5 2.Nf3 d6 3.d4 cxd4 4.Nxd4 Nf6 5.Nc3 a6 6.h3 e5 7.Nde2 h5 8.Bg5 Be6
9.f4 Nbd7 10.f5 Bc4 11.Ng3 Rc8 12.Qf3 Qc7 13.Bxc4 Qxc4 14.O-O-O b5 15.Nf1 
d5 16.Ne3 dxe4 17.Qg3 Qc6 18.Bxf6 gxf6 19.Kb1 Bh6 20.Ned5 Kf8 21.Qh4 a5 
22.Qxe4 b4 23.Ne2 h4 24.c3 Bg5 25.cxb4 axb4 26.Qxb4+ Kg7 27.Nec3 Rb8 28.
Qg4 Qb7 29.Rd2 Kh6 30.Rc2 Rhc8 31.Rd1 Nb6 32.Nxb6 Qxb6 33.Qe2 Ra8 34.Ne4 
Qa5 35.a3 Rcb8 36.Nxg5 fxg5 37.Rd6+ Kg7 38.f6+ Kh6 39.Rd3 Rb4 40.Re3 Rb6 
41.g3 hxg3 42.h4 e4 43.Rxg3 Qf5 44.hxg5+ Kg6 45.Qh2 Qf1+ 46.Ka2 Rab8 47.
Rf2 Rh8 48.Qg2 Qc4+ 49.b3 Qe6 50.Rf4 Rd6 51.Rxe4 Qf5 52.Rge3 Rd1 53.Re1 
Rd3 54.R4e3 Rd4 55.Rf1 Qc8 56.Kb2 Rdh4 57.Qd2 Rh2 58.Re2 Rxe2 59.Qxe2 Rh3 
60.Qc2+ 1-0

[Event "26th EUR-ch"]
[Site "Katowice POL"]
[Date "2026.04.19"]
[Round "11.78"]
[White "Acs, Peter"]
[Black "Bettalli, Francesco"]
[Result "1-0"]
[WhiteElo "2573"]
[BlackElo "2358"]
[EventDate "2026.04.07"]
[PlyCount "75"]

1.e4 c5 2.Nf3 Nc6 3.c3 e5 4.Bc4 Nf6 5.d3 Be7 6.O-O O-O 7.Re1 d6 8.a4 a6 9.
Nbd2 h6 10.Nf1 Be6 11.Ng3 Re8 12.Bxe6 fxe6 13.d4 exd4 14.cxd4 d5 15.e5 Nd7
16.Qc2 Nf8 17.dxc5 Nb4 18.Qc3 Qa5 19.Be3 Rac8 20.Rec1 Nd7 21.Qd4 Nc6 22.
Qg4 Bf8 23.Nh5 Kh8 24.Qg3 Ne7 25.Nh4 Nxc5 26.Ng6+ Nxg6 27.Qxg6 Ne4 28.Rxc8
Rxc8 29.Qxe6 Rd8 30.Bb6 Qd2 31.Bxd8 Qxf2+ 32.Kh1 Qe2 33.Nf4 Nf2+ 34.Kg1 
Qe3 35.Ng6+ Kh7 36.Nxf8+ Kh8 37.Ng6+ Kh7 38.Bh4 1-0

[Event "26th EUR-ch"]
[Site "Katowice POL"]
[Date "2026.04.19"]
[Round "11.79"]
[White "Moroni, Luca jr"]
[Black "Atoyan, Alberto"]
[Result "1-0"]
[WhiteElo "2551"]
[BlackElo "2342"]
[EventDate "2026.04.07"]
[PlyCount "85"]

1.c4 e6 2.Nc3 d5 3.d4 Nf6 4.cxd5 exd5 5.Bg5 Be7 6.e3 O-O 7.Bd3 Re8 8.Nge2 
c6 9.Qc2 Nbd7 10.O-O h6 11.Bh4 Nh5 12.Bxe7 Qxe7 13.Rac1 Nb6 14.Kh1 Bd7 15.
Rce1 Rac8 16.Ng1 c5 17.Nf3 Nf6 18.dxc5 Rxc5 19.Qb3 Ne4 20.Rc1 Bg4 21.Bxe4 
dxe4 22.Ng1 Rh5 23.Nce2 Nd5 24.Ng3 Rg5 25.Rc4 Nf6 26.Qc2 h5 27.h3 Bd7 28.
Rd1 Bc6 29.N3e2 Nd7 30.Nd4 Ne5 31.Nxc6 Nxc6 32.a3 Qf6 33.b4 Rge5 34.Rd7 
R8e7 35.Rxe7 Qxe7 36.Ne2 h4 37.Nc3 f5 38.b5 Na5 39.Rc8+ Kh7 40.Qd1 Qf7 41.
Qd8 Nc4 42.Ne2 Re7 43.Nf4 1-0

[Event "26th EUR-ch"]
[Site "Katowice POL"]
[Date "2026.04.19"]
[Round "11.80"]
[White "Piorun, Kacper"]
[Black "Kaczmarek, Aleksander"]
[Result "1/2-1/2"]
[WhiteElo "2536"]
[BlackElo "2340"]
[EventDate "2026.04.07"]
[PlyCount "35"]

1.d4 d5 2.Nf3 Nf6 3.Bg5 e6 4.e3 Nbd7 5.Nbd2 h6 6.Bh4 c5 7.c3 Be7 8.Bd3 c4 
9.Bc2 b5 10.Ne5 Bb7 11.f4 Ne4 12.Bxe7 Qxe7 13.O-O O-O 14.Nxd7 Qxd7 15.Bxe4
dxe4 16.Qc2 f5 17.a4 Bd5 18.axb5 1/2-1/2

[Event "26th EUR-ch"]
[Site "Katowice POL"]
[Date "2026.04.19"]
[Round "11.81"]
[White "Vijayakumar, Rishi"]
[Black "Wadsworth, Matthew"]
[Result "0-1"]
[WhiteElo "2347"]
[BlackElo "2532"]
[EventDate "2026.04.07"]
[PlyCount "160"]

1.Nf3 Nf6 2.c4 c6 3.Nc3 d5 4.d4 dxc4 5.e4 b5 6.Be2 e6 7.O-O Be7 8.a4 Bb7 
9.axb5 cxb5 10.e5 Nd5 11.Nxb5 a6 12.Nc3 Nb6 13.Bxc4 Nxc4 14.Qa4+ Nc6 15.
Qxc4 Nb4 16.Bg5 Bxf3 17.gxf3 O-O 18.Bxe7 Qxe7 19.Ra4 Rab8 20.d5 exd5 21.
Nxd5 Qg5+ 22.Kh1 Nxd5 23.Qxd5 Rb5 24.Qd4 Qh5 25.f4 Qe2 26.Qd1 Qxb2 27.Rxa6
Rxe5 28.fxe5 Qb7+ 29.Kg1 Qxa6 30.Qd5 Re8 31.Re1 h6 32.Re3 Qg6+ 33.Rg3 Qf5 
34.Rf3 Qg5+ 35.Kh1 Qh5 36.Re3 Kh8 37.Kg2 f6 38.Qb7 Rxe5 39.Qb8+ Kh7 40.
Rxe5 Qxe5 41.Qxe5 fxe5 42.Kf3 Kg6 43.Ke4 Kg5 44.Kxe5 Kg4 45.Ke4 g6 46.Ke5 
h5 47.Kf6 g5 48.Ke5 h4 49.Ke4 Kh3 50.f4 g4 51.f5 Kxh2 52.f6 g3 53.f7 g2 
54.f8=Q g1=Q 55.Kd5 h3 56.Ke6 Qg4+ 57.Ke5 Kg2 58.Qa8+ Qf3 59.Qa2+ Kf1 60.
Kd6 Qf4+ 61.Kd7 h2 62.Qb1+ Ke2 63.Qb5+ Kf2 64.Qb2+ Kf3 65.Qb3+ Kg2 66.Qd5+
Kf2 67.Qc5+ Ke1 68.Qc6 Qf7+ 69.Kc8 Qg8+ 70.Kb7 Qh7+ 71.Kb8 h1=Q 72.Qc1+ 
Ke2 73.Qb2+ Kf3 74.Qc3+ Kg4 75.Qd4+ Q7e4 76.Qg7+ Kh3 77.Qc3+ Qhf3 78.Qh8+ 
Kg2 79.Qb2+ Qf2 80.Qg7+ Qg3+ 0-1

[Event "26th EUR-ch"]
[Site "Katowice POL"]
[Date "2026.04.19"]
[Round "11.82"]
[White "Sahidi, Samir"]
[Black "Csiki, Endre"]
[Result "1/2-1/2"]
[WhiteElo "2513"]
[BlackElo "2339"]
[EventDate "2026.04.07"]
[PlyCount "120"]

1.e4 e5 2.Nf3 Nf6 3.Nxe5 d6 4.Nf3 Nxe4 5.Nc3 Nxc3 6.dxc3 Be7 7.Be3 O-O 8.
Qd2 Nd7 9.O-O-O Nf6 10.Bd3 c5 11.Rhe1 Be6 12.Kb1 Qa5 13.c4 Qxd2 14.Bxd2 h6
15.h3 Rfe8 16.b3 Rad8 17.Bc1 d5 18.Bb2 dxc4 19.Bxc4 Bxc4 20.bxc4 Rxd1+ 21.
Rxd1 Rd8 22.Rxd8+ Bxd8 23.Bxf6 Bxf6 24.Kc1 Kf8 25.Kd2 Ke7 26.Kd3 Ke6 27.g4
Be7 28.Ke4 g6 29.Ng1 f5+ 30.gxf5+ gxf5+ 31.Ke3 Bg5+ 32.f4 Bf6 33.Ne2 Kf7 
34.Nc1 Ke6 35.Nb3 b6 36.Kf3 Kd6 37.Nd2 Ke6 38.Nf1 Bd4 39.a4 Kf6 40.Kg3 Kf7
41.Nd2 Bf6 42.Nf3 Ke6 43.Nd2 Kf7 44.Nf1 Bd4 45.Kf3 Kf6 46.Ng3 Ke6 47.h4 
Bf6 48.h5 Bg7 49.Ke2 Bf6 50.Nf1 Bd4 51.Kd3 Kd7 52.c3 Bf6 53.Ne3 Ke6 54.a5 
bxa5 55.Kc2 Bd8 56.Nd5 a6 57.Kb3 Kd7 58.Ka4 Ke6 59.Kb3 Kd7 60.Ka4 Ke6 
1/2-1/2

[Event "26th EUR-ch"]
[Site "Katowice POL"]
[Date "2026.04.19"]
[Round "11.83"]
[White "Travadon, Loic"]
[Black "Bracker, Frank"]
[Result "1-0"]
[WhiteElo "2505"]
[BlackElo "2332"]
[EventDate "2026.04.07"]
[PlyCount "85"]

1.d4 Nf6 2.Nc3 d5 3.Bf4 a6 4.e3 h6 5.Nf3 e6 6.Ne5 Nfd7 7.Qf3 Nxe5 8.Bxe5 
Nd7 9.Bf4 Nf6 10.a3 Bd6 11.h4 b5 12.h5 Bb7 13.Bd3 c5 14.dxc5 Bxc5 15.Qg3 
Rc8 16.Be5 O-O 17.O-O-O Re8 18.f4 Bd6 19.Rh4 Bxe5 20.fxe5 Nh7 21.Bxh7+ 
Kxh7 22.Rg4 Rg8 23.e4 Qc7 24.exd5 Bxd5 25.Rgd4 Rge8 26.Qe3 Kg8 27.g4 Qe7 
28.Nxd5 exd5 29.Rxd5 Rc6 30.Qf4 Qg5 31.Qxg5 hxg5 32.Rd8 Kf8 33.b3 Rxd8 34.
Rxd8+ Ke7 35.Rg8 Rc5 36.Rxg7 Rxe5 37.Rg8 f6 38.Rg7+ Kf8 39.Ra7 Re6 40.Kd2 
f5 41.gxf5 Rf6 42.Ke3 Rxf5 43.Rxa6 1-0